000 01008nam a22002297a 4500
005 20250423090001.0
008 250423b |||||||| |||| 00| 0 eng d
020 _a978-81-89386-28-8
037 _cTB
040 _aAL
_cAL
041 _2hin
_ahin
_hsan
084 _aNT44:g 152R4
_qAL
100 _aमिश्रा, अभिराज राजेन्द्र
_9752763
245 _aभारतीय रंग मंच समीक्षा
260 _aदिल्ली, भारत:
_bईस्टर्न बुक लिंकर्स,
_c2024.
300 _a193पृ0
365 _b550.00
650 _2रंगमंच
650 _2ललित कला
942 _2CC
_cTB
_hNT44:g 152R4
_n0
999 _c1309298
_d1309298